[Event "FICGS rapid D 000006 email"]
[Site "FICGS email"]
[Date "2008.06.06"]
[Round "1"]
[White "Morice, Fabrice"]
[Black "Konuhov, Konstantin"]
[Result "0-1"]
[WhiteElo "1500"]
[BlackElo "1311"]
[PlyCount "36"]
[EventDate "2008.??.??"]
[EventType "tourn (rapid)"]
[EventRounds "5"]
[SourceTitle "Corr 2022"]
[Source "ChessBase"]
[SourceDate "2021.10.24"]
[SourceVersion "1"]
[SourceVersionDate "2021.10.24"]
[SourceQuality "1"]

1. c4 e5 2. g3 Nf6 3. Bg2 d5 4. cxd5 Nxd5 5. Nf3 Nc6 6. d3 Be6 7. a3 Be7 8. Qa4 Nb6 9. Qc2 a5 10. Nc3 0-0 11. e3 a4 12. Nd2 Qd7 13. 0-0 Rfd8 14. Nb5 Ra5 15. Bxc6 Qxc6 16. Qxc6 bxc6 17. Nc3 Rxd3 18. Kg2 g6 0-1

[Event "FICGS class E 000085 email"]
[Site "FICGS email"]
[Date "2008.06.03"]
[Round "1"]
[White "Desormes, Olivier"]
[Black "Morice, Fabrice"]
[Result "1-0"]
[WhiteElo "1210"]
[BlackElo "1500"]
[PlyCount "21"]
[EventDate "2008.??.??"]
[EventType "tourn (corr)"]
[EventRounds "5"]
[SourceTitle "Corr 2022"]
[Source "ChessBase"]
[SourceDate "2021.10.24"]
[SourceVersion "1"]
[SourceVersionDate "2021.10.24"]
[SourceQuality "1"]

1. d4 Nf6 2. Nf3 e6 3. Nbd2 d5 4. e3 c5 5. c3 cxd4 6. exd4 a6 7. Bd3 Be7 8. 0-0 0-0 9. Re1 Nc6 10. Nf1 Re8 11. Bg5 1-0

[Event "FICGS class D 000090 email"]
[Site "FICGS email"]
[Date "2008.05.30"]
[Round "1"]
[White "Wolf, Bernd"]
[Black "Morice, Fabrice"]
[Result "1-0"]
[WhiteElo "1400"]
[BlackElo "1500"]
[PlyCount "55"]
[EventDate "2008.??.??"]
[EventType "tourn (corr)"]
[EventRounds "6"]
[SourceTitle "Corr 2022"]
[Source "ChessBase"]
[SourceDate "2021.10.24"]
[SourceVersion "1"]
[SourceVersionDate "2021.10.24"]
[SourceQuality "1"]

1. e4 c5 2. Nf3 d6 3. Bb5+ Bd7 4. Bxd7+ Qxd7 5. 0-0 g6 6. c3 Bg7 7. d4 cxd4 8. cxd4 e6 9. Nc3 Ne7 10. Bf4 0-0 11. Qb3 Nbc6 12. Rac1 e5 13. dxe5 Nxe5 14. Rfd1 Nxf3+ 15. gxf3 Rfd8 16. Rxd6 Qh3 17. Rxd8+ Rxd8 18. Qxb7 Kf8 19. Rd1 Qc8 20. Rxd8+ Qxd8 21. Qxa7 Nc6 22. Qc5+ Ne7 23. Nd5 Bf6 24. Nxf6 Kg7 25. Qc3 Qd1+ 26. Kg2 Qd8 27. Nh5+ Kf8 28. Qg7+ 1-0

[Event "FICGS rapid D 000005 email"]
[Site "FICGS email"]
[Date "2008.05.26"]
[Round "1"]
[White "Bester, Kazimierz"]
[Black "Morice, Fabrice"]
[Result "1-0"]
[WhiteElo "1400"]
[BlackElo "1500"]
[PlyCount "57"]
[EventDate "2008.??.??"]
[EventType "tourn (rapid)"]
[EventRounds "5"]
[SourceTitle "Corr 2022"]
[Source "ChessBase"]
[SourceDate "2021.10.24"]
[SourceVersion "1"]
[SourceVersionDate "2021.10.24"]
[SourceQuality "1"]

1. e4 c5 2. c4 Nc6 3. Nc3 e6 4. Nf3 Be7 5. d4 cxd4 6. Nxd4 Nxd4 7. Qxd4 Bf6 8. e5 Be7 9. Be3 f6 10. 0-0-0 fxe5 11. Qxe5 Bf6 12. Qh5+ g6 13. Qe2 Qa5 14. Bd2 Qd8 15. Kb1 Ne7 16. Nb5 0-0 17. f3 a6 18. Nc3 Nc6 19. Ne4 Be7 20. Bh6 Rf7 21. c5 Qc7 22. Nd6 Bxd6 23. cxd6 Qb6 24. Rd3 Qb5 25. Rb3 Qxe2 26. Bxe2 Nd4 27. Re3 Nf5 28. Bf4 b5 29. Re5 1-0

[Event "FICGS rapid C 000052 email"]
[Site "FICGS email"]
[Date "2008.05.26"]
[Round "1"]
[White "Da Silva, David"]
[Black "Morice, Fabrice"]
[Result "1-0"]
[WhiteElo "1575"]
[BlackElo "1500"]
[PlyCount "57"]
[EventDate "2008.??.??"]
[EventType "tourn (rapid)"]
[EventRounds "4"]
[SourceTitle "Corr 2022"]
[Source "ChessBase"]
[SourceDate "2021.10.24"]
[SourceVersion "1"]
[SourceVersionDate "2021.10.24"]
[SourceQuality "1"]

1. c4 e5 2. Nc3 Nf6 3. Nf3 Nc6 4. g3 b6 5. Bg2 Bb4 6. 0-0 0-0 7. Nxe5 Bb7 8. Nd3 Bxc3 9. dxc3 h6 10. b4 a6 11. e4 d6 12. Re1 Re8 13. f4 Na7 14. Nf2 c5 15. Bb2 Nc6 16. Qd2 Qe7 17. Rad1 Rad8 18. a3 a5 19. b5 Na7 20. Qc2 Nc8 21. Bc1 Qe6 22. e5 dxe5 23. Bxb7 Rxd1 24. Qxd1 Qxc4 25. fxe5 Nh7 26. Qd7 Qe6 27. Qxe6 fxe6 28. Bxc8 Rxc8 29. Rd1 1-0

[Event "FICGS rapid C 000052 email"]
[Site "FICGS email"]
[Date "2008.05.26"]
[Round "1"]
[White "Morice, Fabrice"]
[Black "Dineen, Thomas"]
[Result "0-1"]
[WhiteElo "1500"]
[BlackElo "1655"]
[PlyCount "48"]
[EventDate "2008.??.??"]
[EventType "tourn (rapid)"]
[EventRounds "4"]
[SourceTitle "Corr 2022"]
[Source "ChessBase"]
[SourceDate "2021.10.24"]
[SourceVersion "1"]
[SourceVersionDate "2021.10.24"]
[SourceQuality "1"]

1. e4 c5 2. Nf3 Nc6 3. d4 cxd4 4. Nxd4 Nf6 5. Nc3 d6 6. Bb5 Bd7 7. Bxc6 bxc6 8. 0-0 e5 9. Nb3 Be7 10. h3 0-0 11. Be3 a5 12. a4 Be6 13. Rc1 Qc7 14. Bg5 h6 15. Bxf6 Bxf6 16. Qd3 Rab8 17. Ne2 Rb4 18. Rfd1 d5 19. exd5 cxd5 20. Nd2 e4 21. Qg3 Qxg3 22. Nxg3 Bxb2 23. Rb1 Rc8 24. Ne2 Rxc2 0-1

[Event "FICGS rapid C 000052 email"]
[Site "FICGS email"]
[Date "2008.05.26"]
[Round "1"]
[White "Schoenfeld, Ralf"]
[Black "Morice, Fabrice"]
[Result "1-0"]
[WhiteElo "1600"]
[BlackElo "1500"]
[PlyCount "51"]
[EventDate "2008.??.??"]
[EventType "tourn (rapid)"]
[EventRounds "4"]
[SourceTitle "Corr 2022"]
[Source "ChessBase"]
[SourceDate "2021.10.24"]
[SourceVersion "1"]
[SourceVersionDate "2021.10.24"]
[SourceQuality "1"]

1. e4 c5 2. Bc4 e6 3. d3 Nc6 4. c3 Be7 5. Nf3 Nf6 6. Bg5 0-0 7. Nbd2 a6 8. a3 b5 9. Ba2 h6 10. Be3 d6 11. h3 Bb7 12. Qc2 Re8 13. g4 Nh7 14. h4 Ne5 15. Nxe5 dxe5 16. 0-0-0 Bxh4 17. Nf3 Bg5 18. Nxg5 Nxg5 19. f4 exf4 20. Bxf4 Nh7 21. Qf2 Rc8 22. Qe3 e5 23. Bxh6 g6 24. g5 Rc7 25. Qh3 Nxg5 26. Bxg5 1-0